| 000 | 00677nam a2200241 a 4500 | ||
|---|---|---|---|
| 005 | 20210219152924.0 | ||
| 008 | 991125n 000 0 eng u | ||
| 035 | _aUPN01000067252 | ||
| 100 | _aSullivan, Maureen | ||
| 222 | _aLIBRARY TRENDS | ||
| 245 | _aThe changing role of the middle manager in research libraries | ||
| 300 | _a269-281 | ||
| 362 | _a1992 41, No. 2 | ||
| 505 | _aSeptiembre 1993 | ||
| 653 | 0 | _aADMINISTRACION DE BIBLIOTECAS | |
| 653 | 0 | _aADMINISTRACION MEDIA | |
| 653 | 0 | _aLIDERAZGO | |
| 653 | 0 | _aMANEJO DE PERSONAL | |
| 653 | 0 | _aOBJETIVOS ORGANIZACIONALES | |
| 653 | 0 | _aPAPEL DEL ADMINISTRADOR | |
| 904 |
_aAC _b005063 |
||
| 905 | _aArticulo | ||
| 999 |
_c63883 _d63883 |
||